<?xml version="1.0" encoding="UTF-8"?>
<record
    xmlns:xsi="http://www.w3.org/2001/XMLSchema-instance"
    xsi:schemaLocation="http://www.loc.gov/MARC21/slim http://www.loc.gov/standards/marcxml/schema/MARC21slim.xsd"
    xmlns="http://www.loc.gov/MARC21/slim">

  <leader>00948nam a2200229 a 4500</leader>
  <controlfield tag="001">000017447</controlfield>
  <controlfield tag="005">20200929165122.0</controlfield>
  <controlfield tag="008">100324s2007    cu a    r     000 0 spa d</controlfield>
  <datafield tag="020" ind1=" " ind2=" ">
    <subfield code="a">9789590504877</subfield>
  </datafield>
  <datafield tag="040" ind1=" " ind2=" ">
    <subfield code="a">DO-SdBNP</subfield>
    <subfield code="b">spa</subfield>
    <subfield code="c">BNPHU</subfield>
  </datafield>
  <datafield tag="082" ind1=" " ind2=" ">
    <subfield code="a">641.01303</subfield>
    <subfield code="b">F727d</subfield>
  </datafield>
  <datafield tag="100" ind1="1" ind2=" ">
    <subfield code="a">Fornet Pi&#xF1;a, Fernando,</subfield>
    <subfield code="d">1939-</subfield>
    <subfield code="9">38146</subfield>
  </datafield>
  <datafield tag="245" ind1="1" ind2="0">
    <subfield code="a">Diccionario gastron&#xF3;mico cubano :</subfield>
    <subfield code="b">caf&#xE9;, helados, flora y fauna, cocina tradicional, cocteler&#xED;a y bebidas, t&#xE9;rminos internacionales /</subfield>
    <subfield code="c">Fernando Fornet Pi&#xF1;a ; edici&#xF3;n Mar&#xED;a Luisa Acosta Hern&#xE1;ndez ; pr&#xF3;logo Eddy Fern&#xE1;ndez Monte.</subfield>
  </datafield>
  <datafield tag="260" ind1=" " ind2=" ">
    <subfield code="a">La Habana, Cuba :</subfield>
    <subfield code="b">Cient&#xED;fico-T&#xE9;cnica,</subfield>
    <subfield code="c">2007.</subfield>
  </datafield>
  <datafield tag="300" ind1=" " ind2=" ">
    <subfield code="a">xi, 169 p. :</subfield>
    <subfield code="b">il. ;</subfield>
    <subfield code="c">18 cm.</subfield>
  </datafield>
  <datafield tag="650" ind1=" " ind2="4">
    <subfield code="a">Gastronom&#xED;a</subfield>
    <subfield code="v">DICCIONARIO</subfield>
    <subfield code="9">38147</subfield>
  </datafield>
  <datafield tag="650" ind1=" " ind2="4">
    <subfield code="a">Cocina</subfield>
    <subfield code="z">Cuba</subfield>
    <subfield code="v">DICCIONARIO</subfield>
    <subfield code="9">38148</subfield>
  </datafield>
  <datafield tag="700" ind1="1" ind2=" ">
    <subfield code="a">Acosta Hern&#xE1;ndez, Mar&#xED;a Luisa,</subfield>
    <subfield code="e">ed.</subfield>
    <subfield code="9">38149</subfield>
  </datafield>
  <datafield tag="700" ind1="1" ind2=" ">
    <subfield code="a">Fern&#xE1;ndez Monte, Eddy,</subfield>
    <subfield code="e">pr&#xF3;l.</subfield>
    <subfield code="9">38150</subfield>
  </datafield>
  <datafield tag="910" ind1=" " ind2=" ">
    <subfield code="a">Catalogaci&#xF3;n original</subfield>
  </datafield>
  <datafield tag="049" ind1=" " ind2=" ">
    <subfield code="a">BNRE</subfield>
  </datafield>
  <datafield tag="952" ind1=" " ind2=" ">
    <subfield code="0">0</subfield>
    <subfield code="1">0</subfield>
    <subfield code="5">2</subfield>
    <subfield code="7">0</subfield>
    <subfield code="8">MO</subfield>
    <subfield code="a">GR</subfield>
    <subfield code="b">GR</subfield>
    <subfield code="c">CT</subfield>
    <subfield code="d">2010-03-24</subfield>
    <subfield code="i">LF1</subfield>
    <subfield code="l">0</subfield>
    <subfield code="o">641.01303 F727d</subfield>
    <subfield code="p">17447-10</subfield>
    <subfield code="r">2020-06-25</subfield>
    <subfield code="w">2020-06-25</subfield>
    <subfield code="y">2</subfield>
    <subfield code="Z">Pr&#xE9;stamo interno</subfield>
  </datafield>
  <datafield tag="999" ind1=" " ind2=" ">
    <subfield code="c">16972</subfield>
    <subfield code="d">16972</subfield>
  </datafield>
</record>
